Mitsubishi - Alpha Wann - Statistiques

Statistiques générales
  • Ce quiz a été pris 78 fois
  • Le résultat moyen est 116 sur 203
Statistiques - réponses
Réponse % Correct
comme
88%
le
88%
un
88%
Mitsubishi
84%
à
83%
je
81%
pas
81%
il
79%
de
78%
d'une
78%
les
78%
pot
76%
sans
76%
brûlant
74%
en
74%
étrangers
74%
ils
74%
j'arrive
74%
j'suis
74%
Vichy
74%
me
72%
sous
72%
encore
71%
seraient
71%
la
69%
on
69%
train
69%
j'ai
67%
n'aiment
67%
vivre
67%
ça
66%
meneur
66%
c'est
64%
fait
64%
quoi
64%
rêve
64%
tu
64%
god
62%
moi
62%
pour
62%
videur
62%
argent
60%
cauchemar
60%
j'étais
60%
mon
60%
my
60%
oh
60%
parler
60%
quand
60%
timide
60%
y
60%
connais
59%
rap
59%
rempli
59%
Alpha
57%
concentré
57%
FR
57%
illumine
57%
lampadaire
57%
même
57%
toujours
57%
grave
55%
j'laisse
55%
Ouïghours
55%
youtube
55%
mais
53%
millions
53%
sont
53%
sur
53%
d'air
52%
dix-mille
52%
fais
52%
j'fais
52%
Miller
52%
paradoxal
52%
showcases
52%
ta
52%
dirait
50%
manquent
50%
qu'les
50%
relax
50%
rentrés
50%
bolivienne
48%
d'vues
48%
France
48%
j'le
48%
kangourou
48%
pure
48%
trop
48%
va
48%
gourou
47%
grand
47%
sale
47%
dans
45%
dégonflés
45%
faudra
45%
l'fait
45%
d'aide
43%
punch
41%
s'ra
41%
veste
41%
chaque
40%
est
40%
jolie
40%
negro
40%
philly
40%
pierre
40%
plus
40%
projet
40%
d'mande
38%
faut
38%
j'investis
38%
rattraper
38%
retourner
38%
Roger
38%
s'rai
38%
crème
36%
flingo
36%
qu'un
36%
Reggie
36%
si
36%
traîne
36%
unmec
36%
album
34%
après
34%
coffrer
34%
leur
34%
Milla
34%
saupoudré
34%
tes
34%
vais
34%
apprends
33%
Billups
33%
l'métro
33%
m'vois
33%
tiers
33%
convoque
31%
deuxième
31%
l'rater
31%
negros
31%
Chauncey
29%
image
29%
lignes
29%
aprèm
28%
d'Hollywood
26%
qu'une
26%
t'inquiéter
26%
han
12%
Aucun quiz correspondant
Distribution des résultats
% des personnes avec chaque résultat
Percentile par nombre de réponses
Votre historique - résultats
Vous n’avez pas pris ce quiz